000 00581nam a2200205Ia 4500
005 20250508151311.0
008 008 250505s9999 xx 000 0 eng d
037 _aTextual
040 _aFEDL
_beng
_cFEDL
041 _aeng
_2eng
084 _a158.1, BAL
_qFEDL
100 _aBailard Virginia
_9139938
245 0 _aWays to improve your personality
260 _aNew York, USA
_bMcGraw Hill Book Company
_c1951
300 _a249p
650 _aApplied psychology
700 _a Strang Ruth
_9758819
942 _cTEXL
_h158.1, BAL
999 _c1328938
_d1328938